| 000 | 00896nac a22002651i 4500 | ||
|---|---|---|---|
| 003 | EG-ScBUE | ||
| 005 | 20260421113732.0 | ||
| 008 | 260421t1990 nyua f 001 0 eng d | ||
| 020 | _a0816014728 (alk. paper) : | ||
| 040 |
_aEG-ScBUE _beng _erda _cEG-ScBUE _dEG-ScBUE |
||
| 082 | 0 | 4 |
_a573.203 _bMIL _222 |
| 100 | 1 |
_aMilner, Richard, _eauthor. |
|
| 245 | 1 | 4 |
_aThe encyclopedia of evolution : _bhumanity's search for its origins / _cRichard Milner ; foreword by Stephen Jay Gould. |
| 264 | 1 |
_aNew York : _bFacts on File, _c[1990] |
|
| 264 | 4 | _cc1990 | |
| 300 |
_axii, 481 pages : _billustrations ; _c29 cm |
||
| 336 |
_2rdacontent _atext _btxt |
||
| 337 |
_aunmediated _2rdamedia _bn |
||
| 338 |
_avolume _bnc _2rdacarrier |
||
| 500 | _aIncludes index. | ||
| 650 | 7 |
_aHuman evolution _xDictionaries. _2BUEsh |
|
| 655 | _vReading book | ||
| 942 |
_cNB _2ddc |
||
| 999 |
_c7026 _d7026 |
||